000 00317nam a22001337a 4500
008 171017b xxu||||| |||| 00| 0 eng d
020 _a9788120335455
041 _aeng
080 _29 ED
_a331.101.262
100 _a52
101 _aBNJ
245 _aMANAGMENT ORGANIZATIONAL BEAHVIOR
_cHERSY.P
942 _2udc
_cBK
999 _c34354
_d34354